000 00681nam a22002177a 4500
003 UA-OsUOA
001 55724
007 ta
008 20080919b un ||||| |||| 00| 0 ukr d
100 _aДлугопольський О.В.
090 _a330
_bД51
942 _cSA
040 _aUA-OsUOA
_bukr
_cUA-OsUOA
_dUA-OsUOA
245 _aКонцептуальні засади функціонування державного сектору у глобальній економіці
300 _aС.11-23
955 _a0
041 _aukr
080 _a330
773 0 _w55723
_tФінанси України
_dК.
_d2008
_g4
650 7 _a330 Економіка взагалі
_2UDC
999 _c341803
_d341803